000 00960naa a22003257a 4500
001 BR8800708
003 BR-BrBNA
005 20240918175941.0
007 ta
008 230509b bl.||||| |||| 00| 0 por d
040 _aBR-BrBNA
_bpor
_cBiblioteca Nacional de Agricultura
041 _a(Pt)
072 _aH20
_b0120
_b3575
_b4120
090 _aH20 BR8800708
100 1 _aLucca Filho, O.A.
245 1 _aTestes de sanidade de sementes de milho
260 3 _aCampinas, SP (Brasil):
_c1987.
500 _aPatologia de sementes Campinas, SP (Brasil): 1987. p. 430-440 (BR8800708-AM)H20
650 _aMILHO
650 _aSEMENTE
650 _aHELMINTOSPORIOSE
650 _aANTRACNOSE
650 _aMILDIO
650 _aPODRIDAO
650 _aFUSARIOSE
650 _aCONTROLE QUIMICO
773 0 _tPatologia de sementes
_w3575 BR8800688
_gCampinas, Sp (Brasil), 1987.
_q480 p.
909 _a202404
_bLucia
_c55
_dLucia Elande
942 _cAM
_2AGRIS
999 _c318938
_d318938